[Event "Vojens Sonderjysk"]
[Site "Vojens"]
[Date "2011.05.26"]
[Round "5"]
[White "Hedegaard, Michael"]
[Black "Hye, Allan"]
[Result "0-1"]
[WhiteElo "1890"]
[BlackElo "1970"]
[PlyCount "58"]
[EventDate "2011.05.02"]
[EventType "tourn"]
[EventRounds "7"]
[EventCountry "DEN"]
[SourceTitle "EXT 2018"]
[Source "ChessBase"]
[SourceDate "2017.10.13"]
[SourceVersion "1"]
[SourceVersionDate "2017.10.13"]
[SourceQuality "1"]

1. b3 e5 2. Bb2 Nc6 3. c4 Nf6 4. g3 d5 5. cxd5 Qxd5 6. Nf3 Bg4 7. Nc3 Qd7 8. h3 Bxf3 9. exf3 Rd8 10. a3 Bc5 11. Ne4 Bd4 12. Nxf6+ gxf6 13. Bc3 Ne7 14. h4 Bxc3 15. dxc3 Qc6 16. Qc2 Qxf3 17. Rg1 c6 18. Be2 Qd5 19. b4 e4 20. Rd1 Qe5 21. c4 0-0 22. Kf1 Nf5 23. Kg2 Kh8 24. Rxd8 Rxd8 25. Rd1 Rg8 26. Kf1 Ne3+ 27. fxe3 Qxg3 28. Bg4 Qxg4 29. Qe2 Qg1# 0-1

[Event "Vojens Sonderjysk"]
[Site "Vojens"]
[Date "2011.05.23"]
[Round "4"]
[White "Brautsch, Soren"]
[Black "Hedegaard, Michael"]
[Result "1-0"]
[WhiteElo "2200"]
[BlackElo "1890"]
[PlyCount "63"]
[EventDate "2011.05.02"]
[EventType "tourn"]
[EventRounds "7"]
[EventCountry "DEN"]
[SourceTitle "EXT 2018"]
[Source "ChessBase"]
[SourceDate "2017.10.13"]
[SourceVersion "1"]
[SourceVersionDate "2017.10.13"]
[SourceQuality "1"]

1. d4 d5 2. Nf3 Nc6 3. c4 Bg4 4. cxd5 Bxf3 5. gxf3 Qxd5 6. e3 e5 7. Nc3 Bb4 8. Bd2 Bxc3 9. bxc3 Qd6 10. Rb1 Nge7 11. Bg2 0-0 12. f4 exd4 13. cxd4 Kh8 14. 0-0 Rab8 15. Qf3 Ng6 16. Qh5 a6 17. Bc3 f5 18. Rfe1 Nge7 19. Qf3 Ng6 20. d5 Nce7 21. Red1 a5 22. Qg3 b6 23. h4 Rf7 24. h5 Nf8 25. Be5 Qh6 26. Bxc7 Re8 27. Rxb6 Rf6 28. Rxf6 gxf6 29. d6 Ne6 30. d7 Rg8 31. d8Q Nxd8 32. Rxd8 1-0

[Event "Logumkloster-chA"]
[Site "Logumkloster"]
[Date "2011.05.10"]
[Round "5"]
[White "Clausen, Hans Jorgen"]
[Black "Hedegaard, Michael"]
[Result "0-1"]
[WhiteElo "1685"]
[BlackElo "1900"]
[PlyCount "100"]
[EventDate "2011.04.05"]
[EventType "tourn"]
[EventRounds "5"]
[EventCountry "DEN"]
[SourceTitle "EXT 2023"]
[Source "ChessBase"]
[SourceDate "2022.10.05"]
[SourceVersion "1"]
[SourceVersionDate "2022.10.05"]
[SourceQuality "1"]

1. d4 d5 2. Nf3 Nf6 3. e3 g6 4. c4 e6 5. Nc3 Bg7 6. cxd5 exd5 7. Be2 0-0 8. 0-0 Nbd7 9. b4 c6 10. Bb2 Re8 11. a4 b6 12. b5 c5 13. dxc5 Nxc5 14. Nd4 Bb7 15. Bf3 Nfe4 16. Nce2 Rc8 17. Rc1 h5 18. Ba3 Ng5 19. h4 Nxf3+ 20. Nxf3 Re4 21. Bxc5 bxc5 22. g3 Qa5 23. Nf4 Qxa4 24. Nxd5 Qa5 25. Ng5 Ree8 26. Qb3 c4 27. Qb4 Qxb4 28. Nxb4 Re5 29. Na2 Rxb5 30. Nc3 Rb3 31. Nce4 Rd3 32. Rfd1 Rxd1+ 33. Rxd1 c3 34. Nxc3 Rxc3 35. Nxf7 Kxf7 36. Rd7+ Kg8 37. Rxb7 a5 38. Ra7 Ra3 39. Kg2 a4 40. Ra6 Kh7 41. Kf3 Ra2 42. Ra7 a3 43. Kg2 Ra1 44. Kf3 Kh6 45. Ke4 Bb2 46. Kf3 Rc1 47. e4 Rc2 48. e5 Rxf2+ 49. Kxf2 Bd4+ 50. Ke2 Bxa7 0-1

[Event "Vojens Sonderjysk"]
[Site "Vojens"]
[Date "2011.05.02"]
[Round "1"]
[White "Hedegaard, Michael"]
[Black "Karstensen, Christian"]
[Result "1-0"]
[WhiteElo "1890"]
[BlackElo "1895"]
[PlyCount "53"]
[EventDate "2011.05.02"]
[EventType "tourn"]
[EventRounds "7"]
[EventCountry "DEN"]
[SourceTitle "EXT 2018"]
[Source "ChessBase"]
[SourceDate "2017.10.13"]
[SourceVersion "1"]
[SourceVersionDate "2017.10.13"]
[SourceQuality "1"]

1. e4 c5 2. Nf3 d6 3. Bc4 e6 4. d4 cxd4 5. c3 dxc3 6. 0-0 Nc6 7. Nxc3 Nf6 8. Qe2 a6 9. a4 Be7 10. Rd1 Qc7 11. Bg5 0-0 12. Rac1 Re8 13. Rd2 Bd7 14. h3 Rad8 15. Bf4 Ne5 16. Ba2 Nxf3+ 17. Qxf3 Bxa4 18. Rd4 Bc6 19. Nd5 exd5 20. exd5 Qa5 21. dxc6 Qxa2 22. c7 Ra8 23. Qxb7 Qe6 24. Rdc4 Qc8 25. Qxa8 Nd7 26. Qxc8 Rxc8 27. Rc6 1-0

[Event "Logumkloster-chA"]
[Site "Logumkloster"]
[Date "2009.05.05"]
[Round "3"]
[White "Falsig, Niels"]
[Black "Hedegaard, Michael"]
[Result "0-1"]
[WhiteElo "1860"]
[BlackElo "1841"]
[PlyCount "93"]
[EventDate "2009.04.21"]
[EventType "tourn"]
[EventRounds "5"]
[EventCountry "DEN"]
[SourceTitle "EXT 2023"]
[Source "ChessBase"]
[SourceDate "2022.10.05"]
[SourceVersion "1"]
[SourceVersionDate "2022.10.05"]
[SourceQuality "1"]

1. d4 d5 2. Nf3 Nc6 3. g3 Bg4 4. Bg2 Nf6 5. Bf4 e6 6. 0-0 Bd6 7. Bxd6 Qxd6 8. Nbd2 Bxf3 9. Nxf3 0-0 10. e3 Rfe8 11. c4 Ne4 12. Rc1 Ne7 13. Ne5 c6 14. f3 Nf6 15. c5 Qc7 16. b4 Nd7 17. f4 f6 18. Nd3 f5 19. Qb3 Nf6 20. Bf3 Ng6 21. a4 Ne4 22. Rc2 Nf8 23. b5 Nd7 24. Rb1 Rab8 25. b6 axb6 26. cxb6 Qd6 27. Bxe4 fxe4 28. Nc5 Nxc5 29. Rxc5 Ra8 30. a5 Ra6 31. Rbc1 Rea8 32. Qc3 Qd7 33. Qb4 Rc8 34. Qd2 g6 35. Qe2 Rca8 36. Rb1 Rxa5 37. Rxa5 Rxa5 38. Qc2 Qd8 39. Qc3 Qa8 40. Rb2 Ra1+ 41. Kg2 Qa6 42. Kh3 Qf1+ 43. Kh4 Qf3 44. Kg5 Kg7 45. g4 Rg1 46. h3 h6+ 47. Kh4 0-1

[Event "Logumkloster-chA"]
[Site "Logumkloster"]
[Date "2009.04.27"]
[Round "2"]
[White "Hedegaard, Michael"]
[Black "Bjornskov, Kai"]
[Result "1/2-1/2"]
[WhiteElo "1841"]
[BlackElo "2145"]
[PlyCount "49"]
[EventDate "2009.04.21"]
[EventType "tourn"]
[EventRounds "5"]
[EventCountry "DEN"]
[SourceTitle "EXT 2023"]
[Source "ChessBase"]
[SourceDate "2022.10.05"]
[SourceVersion "1"]
[SourceVersionDate "2022.10.05"]
[SourceQuality "1"]

1. e4 e5 2. d4 exd4 3. c3 dxc3 4. Nxc3 Nc6 5. Nf3 Bb4 6. Bc4 Bxc3+ 7. bxc3 Qf6 8. e5 Qg6 9. 0-0 Nge7 10. Re1 d5 11. exd6 Qxd6 12. Qxd6 cxd6 13. Ba3 Be6 14. Bxe6 fxe6 15. Rxe6 0-0-0 16. Bxd6 Nd5 17. Nd4 Rde8 18. Rxe8+ Rxe8 19. Nxc6 bxc6 20. c4 Nc3 21. Bb4 Ne2+ 22. Kf1 Nf4 23. Bd6 Re4 24. Bxf4 Rxf4 25. Rc1 1/2-1/2

[Event "Logumkloster-ch Basis 1"]
[Site "Logumkloster"]
[Date "2008.05.06"]
[Round "4"]
[White "Hedegaard, Michael"]
[Black "Jensen, Godtfred Sloth"]
[Result "0-1"]
[WhiteElo "1782"]
[BlackElo "1886"]
[PlyCount "70"]
[EventDate "2008.04.15"]
[EventType "tourn"]
[EventRounds "5"]
[EventCountry "DEN"]
[SourceTitle "EXT 2023"]
[Source "ChessBase"]
[SourceDate "2022.10.05"]
[SourceVersion "1"]
[SourceVersionDate "2022.10.05"]
[SourceQuality "1"]

1. e4 c5 2. d4 cxd4 3. c3 dxc3 4. Nxc3 a6 5. Bc4 e6 6. Nf3 d6 7. 0-0 Be7 8. Qe2 Nf6 9. Rd1 Nbd7 10. Bf4 Qc7 11. Rac1 0-0 12. a3 Re8 13. Ba2 Qb8 14. b4 b5 15. Rc2 Ne5 16. Nxe5 dxe5 17. Bg5 h6 18. Bc1 Bb7 19. Rd3 Rd8 20. Rg3 Kf8 21. Rh3 Nxe4 22. Bxh6 gxh6 23. Rxh6 Nf6 24. g4 Qd6 25. g5 Ng8 26. Rh5 Qc6 27. Nd5 Qd6 28. Ne3 Rac8 29. g6 Rxc2 30. Qxc2 fxg6 31. Qxg6 Qd1+ 32. Nf1 Qf3 33. Rf5+ Qxf5 34. Qxe6 Qg5+ 35. Ng3 Rd1# 0-1

[Event "Logumkloster-ch Basis 1"]
[Site "Logumkloster"]
[Date "2008.04.22"]
[Round "2"]
[White "Hedegaard, Michael"]
[Black "Hansen, Hans Valdemar"]
[Result "1-0"]
[WhiteElo "1782"]
[BlackElo "1828"]
[PlyCount "77"]
[EventDate "2008.04.15"]
[EventType "tourn"]
[EventRounds "5"]
[EventCountry "DEN"]
[SourceTitle "EXT 2023"]
[Source "ChessBase"]
[SourceDate "2022.10.05"]
[SourceVersion "1"]
[SourceVersionDate "2022.10.05"]
[SourceQuality "1"]

1. e4 c5 2. Nf3 Nc6 3. g3 e5 4. d3 d5 5. exd5 Qxd5 6. Nc3 Qd8 7. Bg2 Bg4 8. 0-0 Qd7 9. Qe1 f6 10. Be3 h5 11. Nh4 g5 12. Ng6 Rh6 13. Nxf8 Kxf8 14. Bxc5+ Kg7 15. f4 exf4 16. gxf4 gxf4 17. Rxf4 Rg6 18. Kh1 Ne5 19. Qe4 Nc6 20. Re1 Rg5 21. d4 Bf5 22. Qe2 b6 23. d5 Ne5 24. Bd4 Ng6 25. Rf2 Nh6 26. Ne4 Rxg2 27. Rxg2 Qxd5 28. Bxf6+ Kf7 29. Bg5 Ng4 30. Qc4 Bxe4 31. Qxe4 Qxg5 32. Qxa8 Qf4 33. Qxa7+ Kg8 34. Qxb6 Kh7 35. h3 N4e5 36. Qc7+ Kh6 37. Rxg6+ Kxg6 38. Qxe5 Qf3+ 39. Kg1 1-0